000 00368nam a2200133Ia 4500
005 20251222144730.0
008 251222s9999||||xx |||||||||||||| ||spa||
020 _a958-670-609-4
082 _a025.171/R91
100 _aRubio Hernández, Alfonso
245 0 _aModelos para la Elaboración de Proyectos Archivísticos
264 _bUniversidad del Valle
942 _cLIB
999 _c18547
_d18547